| 000 | 00341nam a2200133Ia 4500 | ||
|---|---|---|---|
| 008 | 240624s9999 xx 000 0 und d | ||
| 041 | _aeng | ||
| 082 | _a658.11 HIN | ||
| 100 | _aHINDLE KEVIN | ||
| 245 | _aHANDBOOK OF RESEARCH ON NEW VENTURE CREA | ||
| 260 |
_c2011 _auk _bEdward Elgar |
||
| 300 | _axix. 386 p.; 23 cm. | ||
| 365 |
_cBPS _b33 |
||
| 999 |
_c32267 _d32267 |
||